Peculiarities of energy-satiated structure of a small metallic particles formed in a highly unequilibrium conditions; Fizika i Khimiya Obrabotki Materialov; № 4

Bibliographische Detailangaben
Parent link:Fizika i Khimiya Obrabotki Materialov.— , 1977-
№ 4.— 1997.— P. 93-97
1. Verfasser: Ilyin A. P. Aleksandr Petrovich
Zusammenfassung:The physicochemical model of a energy-accumulated metallic particle produced in a highly unequilibrium conditions are examined. It is based on the formation of binary electrical layer in the course of small particles producing. Stability of charge structure (very thin films) is determined by the equilibrium of chemical potentials by electrostatic one. The suggested model allows to explain the energy accumulat that more standard that ion effect melting heat, the stability of electroexplosive ultrafine powders in air, the presence of threshold effects.
В фонде НТБ ТПУ отсутствует
Sprache:Englisch
Veröffentlicht: 1997
Schlagworte:
Format: MixedMaterials Buchkapitel
KOHA link:https://koha.lib.tpu.ru/cgi-bin/koha/opac-detail.pl?biblionumber=602456

MARC

LEADER 00000naa0a2200000 4500
001 602456
005 20250303113030.0
035 |a (RuTPU)RU\TPU\tpu\28303 
035 |a RU\TPU\tpu\28302 
090 |a 602456 
100 |a 20160408d1997 k||y0rusy50 ba 
101 0 |a eng 
102 |a UA 
200 1 |a Peculiarities of energy-satiated structure of a small metallic particles formed in a highly unequilibrium conditions  |f A. P. Ilyin 
320 |a References: 20 tit. 
330 |a The physicochemical model of a energy-accumulated metallic particle produced in a highly unequilibrium conditions are examined. It is based on the formation of binary electrical layer in the course of small particles producing. Stability of charge structure (very thin films) is determined by the equilibrium of chemical potentials by electrostatic one. The suggested model allows to explain the energy accumulat that more standard that ion effect melting heat, the stability of electroexplosive ultrafine powders in air, the presence of threshold effects. 
333 |a В фонде НТБ ТПУ отсутствует 
461 |t Fizika i Khimiya Obrabotki Materialov  |d 1977- 
463 |t № 4  |v P. 93-97  |d 1997 
610 1 |a труды учёных ТПУ 
610 1 |a электрический заряд 
610 1 |a взрывчатые вещества 
700 1 |a Ilyin  |b A. P.  |c chemist  |c Professor of Tomsk Polytechnic University, Doctor of physical and mathematical sciences  |f 1949-  |g Aleksandr Petrovich  |3 (RuTPU)RU\TPU\pers\33060 
801 1 |a RU  |b 63413507  |c 20160316 
801 2 |a RU  |b 63413507  |c 20160408  |g RCR 
942 |c CR